BIBLIOTECA PODER JUDICIAL
Portal Judicial TDF

Compensación económica. Cuantiosa suma para una abogada que postergó su crecimiento profesional en pos del proyecto familiar / (Registro nro. 5648)

000 -LEADER
fixed length control field 01666nab a22003137a 4500
003 - CONTROL NUMBER IDENTIFIER
control field OSt
005 - DATE AND TIME OF LATEST TRANSACTION
control field 20251226213122.0
008 - FIXED-LENGTH DATA ELEMENTS--GENERAL INFORMATION
fixed length control field 190603e xxum|||| |||| 00| 0 spa d
040 ## - CATALOGING SOURCE
Transcribing agency PJ
100 ## - MAIN ENTRY--PERSONAL NAME
9 (RLIN) 6613
Personal name Rodríguez, Jorgelina L.
245 10 - TITLE STATEMENT
Title Compensación económica. Cuantiosa suma para una abogada que postergó su crecimiento profesional en pos del proyecto familiar /
Statement of responsibility, etc Jorgelina L. Rodríguez.
260 ## - PUBLICATION, DISTRIBUTION, ETC. (IMPRINT)
Date of publication, distribution, etc Ciudad Autónoma de Buenos Aires :
Place of publication, distribution, etc Thomson Reuters La Ley,
Name of publisher, distributor, etc 2025.
300 ## - PHYSICAL DESCRIPTION
Extent p. 164-172
500 ## - GENERAL NOTE
General note Cita: TR LALEY AR/DOC/431/2025 <br/>Publicado en: RCCyC 2025 (junio).
505 ## - FORMATTED CONTENTS NOTE
Formatted contents note Sumario: I. Introducción.— II. Compensación económica.— III. Los hechos del caso y la sentencia de primera instancia.— IV. Procedencia y cuantificación de la compensación económica en el fallo bajo análisis. "Mirada hacia el futuro".— V. Conclusión.
505 ## - FORMATTED CONTENTS NOTE
Formatted contents note Fallo comentado: CApel. Comodoro Rivadavia ~ 07/11/2024 ~ R. C. c. H., N. A. s/ determinación de compensación económica.
505 ## - FORMATTED CONTENTS NOTE
Title ¿Te interesa el texto completo? Solicitalo al correo: koha@justierradelfuego.gov.ar
650 #0 - SUBJECT ADDED ENTRY--TOPICAL TERM
9 (RLIN) 1497
Topical term or geographic name as entry element CODIGO CIVIL Y COMERCIAL
650 #0 - SUBJECT ADDED ENTRY--TOPICAL TERM
9 (RLIN) 967
Topical term or geographic name as entry element DERECHO DE FAMILIA
650 #0 - SUBJECT ADDED ENTRY--TOPICAL TERM
9 (RLIN) 5830
Topical term or geographic name as entry element COMPENSACIÓN ECONÓMICA
650 #0 - SUBJECT ADDED ENTRY--TOPICAL TERM
9 (RLIN) 962
Topical term or geographic name as entry element MATRIMONIO
650 #0 - SUBJECT ADDED ENTRY--TOPICAL TERM
9 (RLIN) 5369
Topical term or geographic name as entry element CÓNYUGE
650 #0 - SUBJECT ADDED ENTRY--TOPICAL TERM
9 (RLIN) 977
Topical term or geographic name as entry element DIVORCIO
650 #0 - SUBJECT ADDED ENTRY--TOPICAL TERM
9 (RLIN) 4044
Topical term or geographic name as entry element PERSPECTIVA DE GÉNERO
650 #0 - SUBJECT ADDED ENTRY--TOPICAL TERM
9 (RLIN) 1021
Topical term or geographic name as entry element DISOLUCION DE LA SOCIEDAD CONYUGAL
650 #0 - SUBJECT ADDED ENTRY--TOPICAL TERM
9 (RLIN) 5328
Topical term or geographic name as entry element RÉGIMEN DE COMUNIDAD DE BIENES
773 0# - HOST ITEM ENTRY
Host Biblionumber 2713
Host Itemnumber 3170
Place, publisher, and date of publication Ciudad Autónoma de Buenos Aires : Thomson Reuters La Ley, 2015-
Title Revista Código Civil y Comercial. Nº 3 - Junio 2025
942 ## - ADDED ENTRY ELEMENTS (KOHA)
Source of classification or shelving scheme
Koha item type Analítica Artículo de Revista

No hay ítems disponibles.

12 de Octubre 789 Ushuaia - Tel:  54(02901)441571
Horario de Atención: 8.00 a 17.00 hs. 
bibliotecaush@justierradelfuego.gov.ar
koha@justierradelfuego.gov.ar
Seguinos en nuestras redes @bibliojustdf 

Con tecnología Koha